000 00267nam a22001217a 4500
999 _c12835
_d12835
020 _a9781118968871
082 _a658.403
100 _aMitchell Jonathan M.
245 _aStaying The Course As A CIO
260 _aUK
_bWiley
_c2015
300 _a219 pages
942 _cBK